000 00601nam a2200229Ia 4500
003 OSt
005 20221002054933.0
006 a|||||r|||| 00| 0
007 ta
008 220930b |||||||| |||| 00| 0 urd d
024 _a71138
037 _cReference Collections
040 _aCRL
_cCRL
_burd
041 _2urd
_aurd
082 _aO168wN23, N1(RR)
100 _aAhmar Younus Au.
_9576501
245 0 _aMazi ke taqat mein
260 _c1991
650 _aURDU LITERATURE
942 _hO168wN23, N1(RR)
_cref
_2CC
999 _c926251
_d926251